<?xml version="1.0" encoding="UTF-8"?>
<record
    xmlns:xsi="http://www.w3.org/2001/XMLSchema-instance"
    xsi:schemaLocation="http://www.loc.gov/MARC21/slim http://www.loc.gov/standards/marcxml/schema/MARC21slim.xsd"
    xmlns="http://www.loc.gov/MARC21/slim">

  <leader>02124nab a2200313 a 4500</leader>
  <controlfield tag="005">20250224110756.0</controlfield>
  <controlfield tag="007">ta</controlfield>
  <controlfield tag="008">250206e2016    dr fr|p|r||||||0| 00spa d</controlfield>
  <datafield tag="022" ind1=" " ind2=" ">
    <subfield code="a">2078-4929</subfield>
  </datafield>
  <datafield tag="040" ind1=" " ind2=" ">
    <subfield code="a">DO-SdBNP</subfield>
    <subfield code="c">DO-SdBNP</subfield>
    <subfield code="e">rda</subfield>
  </datafield>
  <datafield tag="041" ind1=" " ind2=" ">
    <subfield code="h">spa</subfield>
  </datafield>
  <datafield tag="100" ind1=" " ind2=" ">
    <subfield code="a">Ortega Gonz&#xE1;lez, Carmen</subfield>
    <subfield code="9">34366</subfield>
    <subfield code="e">texto</subfield>
  </datafield>
  <datafield tag="245" ind1=" " ind2=" ">
    <subfield code="a">Cedimat /</subfield>
    <subfield code="c">Carmen Ortega Gonz&#xE1;lez, texto ; fotos: Fernando Calzada.</subfield>
  </datafield>
  <datafield tag="264" ind1=" " ind2=" ">
    <subfield code="a">Santo Domingo, Rep&#xFA;blica Dominicana : </subfield>
    <subfield code="b">Arquitexto, </subfield>
    <subfield code="c">2016.</subfield>
  </datafield>
  <datafield tag="300" ind1=" " ind2=" ">
    <subfield code="a">p&#xE1;ginas, 62 : </subfield>
    <subfield code="b">ilustraciones, fotograf&#xED;as ; </subfield>
    <subfield code="c">27 cm.</subfield>
  </datafield>
  <datafield tag="336" ind1=" " ind2=" ">
    <subfield code="a">texto</subfield>
    <subfield code="b">txt</subfield>
    <subfield code="2">rdacontent</subfield>
  </datafield>
  <datafield tag="337" ind1=" " ind2=" ">
    <subfield code="a">sin mediaci&#xF3;n </subfield>
    <subfield code="b">n</subfield>
    <subfield code="2">rdamedia</subfield>
  </datafield>
  <datafield tag="338" ind1=" " ind2=" ">
    <subfield code="a">volumen</subfield>
    <subfield code="b">nc</subfield>
    <subfield code="2">rdacarrier</subfield>
  </datafield>
  <datafield tag="362" ind1=" " ind2=" ">
    <subfield code="a">A&#xF1;o 30, N&#xFA;mero 92, (enero-marzo, 2016).</subfield>
  </datafield>
  <datafield tag="521" ind1=" " ind2=" ">
    <subfield code="a">Este centro de Cedimat est&#xE1; orientado al tratamiento de cardiopat&#xED;as cong&#xE9;nitas y adquiridas para todas las edades, a estimular el turismo de salud y a desarrollar programas de formaci&#xF3;n acad&#xE9;mica. El concepto de lograr una &#x201C;arquitectura para sanar&#x201D; llev&#xF3; a la b&#xFA;squeda de soluciones f&#xED;sicas y ambientales que cumplieran estrictos c&#xF3;digos y est&#xE1;ndares internacionales.

El edificio principal consta de ocho niveles, incluyendo un s&#xF3;tano. El hospital posee 180 camas de internamiento, cinco quir&#xF3;fanos (tres para adultos y dos pedi&#xE1;tricos), cuatro salas de hemodin&#xE1;mica, una central de esterilizaci&#xF3;n, 35 unidades de cuidados intensivos y todas las instalaciones de un hospital de tercer nivel, es decir hospital de referencia o altamente especializado al que llegan pacientes remitidos por los hospitales regionales....</subfield>
  </datafield>
  <datafield tag="522" ind1=" " ind2=" ">
    <subfield code="a">Rep&#xFA;blica Dominicana.</subfield>
  </datafield>
  <datafield tag="650" ind1=" " ind2="0">
    <subfield code="a">Neurorradiolog&#xED;a</subfield>
    <subfield code="9">86946</subfield>
    <subfield code="v">Publicaciones peri&#xF3;dicas </subfield>
    <subfield code="z">Rep&#xFA;blica Dominicana</subfield>
  </datafield>
  <datafield tag="650" ind1=" " ind2="0">
    <subfield code="a">Salud</subfield>
    <subfield code="v">Publicaciones peri&#xF3;dicas </subfield>
    <subfield code="z">Rep&#xFA;blica Dominicana</subfield>
    <subfield code="9">1687</subfield>
  </datafield>
  <datafield tag="700" ind1=" " ind2=" ">
    <subfield code="a">Calzada, Fernando</subfield>
    <subfield code="9">69597</subfield>
    <subfield code="e">fotos</subfield>
  </datafield>
  <datafield tag="710" ind1=" " ind2=" ">
    <subfield code="a">Centros de Diagn&#xF3;stico y Medicina Avanzada y de Conferencias M&#xE9;dicas y Telemedicina (CEDIMAT)</subfield>
    <subfield code="9">63406</subfield>
  </datafield>
  <datafield tag="773" ind1="0" ind2=" ">
    <subfield code="0">36884</subfield>
    <subfield code="9">320374</subfield>
    <subfield code="a">Arquitexto</subfield>
    <subfield code="o">2025-0710</subfield>
    <subfield code="t">Arquitexto. :</subfield>
    <subfield code="w">(DO-SdBNP)000037394</subfield>
    <subfield code="x">2078-4929</subfield>
  </datafield>
  <datafield tag="856" ind1=" " ind2=" ">
    <subfield code="u">https://arquitexto.com/2016/01/cedimat/</subfield>
  </datafield>
  <datafield tag="942" ind1=" " ind2=" ">
    <subfield code="2">ddc</subfield>
    <subfield code="c">ISSUE</subfield>
  </datafield>
  <datafield tag="999" ind1=" " ind2=" ">
    <subfield code="c">58101</subfield>
    <subfield code="d">58101</subfield>
  </datafield>
</record>
